000 00512nam a2200181Ia 4500
001 17120
005 20260306170401.0
008 260306t2020||||xx |||||||||||||| ||und||
041 _aESP
082 _a657.46
_bA11E
100 _aAbanto Bromley, Martha
_eAUT
245 0 _aErrores contables más frecuentes:
_bincidencia tributaria; Cobranza dudosa: tratamiento contable-tributario
260 _c2020
300 _a64, 64 páginas :
_c24 cm.
650 _aGEN
654 _aCCO
942 _cLIB
_dJUS
_fJUS
_2ddc
_n
999 _c17120
_d17120